000 00811nam a22002057a 4500
003 BD-DhUL
005 20170517081902.0
008 170517s1993 bg a|||| |||| 00| 0 ben c
020 _a984455022x
040 _aBD-DhUL
_cBD-DhUL
082 _a891.44
_bASK
245 0 0 _aআসকার রচনাবলী ৩ /
_cসম্পাদনায় আবিদ আজাদ, এবং মাহবুব হাসান
260 _aঢাকা :
_bশিল্পতরু,
_c১৯৯৩
300 _a৩২০ পৃ. ;
_c২২ সেমি
650 0 _aবাংলা সাহিত্য
650 0 _aBangla Literature
700 1 _aআজাদ, আবিদ
_eসম্পাদক
700 1 _aহাসান, মাহবুব
_eযুগ্ম সম্পাদক
942 _2ddc
_cBK
999 _c198107
_d198107